00262nam a2200097Ia 4500008004000000082001300040100001900053245003900072260004200111300001100153210210b1977 xxu||||| |||| 00| 0 eng d a891 WINS aWINTERNITZ (M) aSome problems of Indian literature aN DbBharatiya Book Corporationc1977 aii,130